Simpsons Pick the President Quiz Stats

Quiz Updated Oct 20, 2016

Challenge
Share
Tweet
Score 0/20 Timer 05:00
2 Plays Today
% Correct
Barack Obama
96.2%
Abraham Lincoln
95%
Bill Clinton
92.1%
Ronald Reagan
91.9%
John F. Kennedy
91.9%
George Washington
87.5%
Franklin Roosevelt
86.4%
Richard Nixon
85.8%
George Bush
81.5%
Thomas Jefferson
80.1%
% Correct
Jimmy Carter
79.6%
Dwight D. Eisenhower
78.1%
Ulysses S. Grant
74.8%
Gerald Ford
70.9%
Teddy Roosevelt
70.5%
Grover Cleveland
70%
Woodrow Wilson
69.2%
Lyndon B. Johnson
63.4%
Calvin Coolidge
61.5%
Harry Truman
57.6%

You're not logged in!

Compare scores with friends on all Sporcle quizzes.
Sign Up with Email
OR
Log In

You Might Also Like...

Show Comments

Extras

Top Quizzes Today


Score Distribution

Your Account Isn't Verified!

In order to create a playlist on Sporcle, you need to verify the email address you used during registration. Go to your Sporcle Settings to finish the process.